| 000 | 00893cam a22002774a 4500 | ||
|---|---|---|---|
| 001 | 12855053 | ||
| 003 | NUST | ||
| 005 | 20240327103856.0 | ||
| 008 | 020715s2003 njua b 001 0 eng | ||
| 010 | _a 2002029308 | ||
| 020 | _a 978-0130661890 | ||
| 040 |
_aDLC _cDLC |
||
| 042 | _apcc | ||
| 050 | 0 | 0 |
_aHB139 _b.G74 2003 |
| 082 | 0 | 0 |
_a330.015195 _bGRE |
| 100 | 1 |
_aGreene, William H., _d1951- _9122219 |
|
| 245 | 1 | 0 |
_aEconometric analysis / _cWilliam H. Greene. |
| 250 | _a5th ed. | ||
| 260 |
_aUpper Saddle River, N.J. : _bPrentice Hall, _c2003. |
||
| 300 |
_axxx, 1026 p. : _bill. ; _c25 cm. |
||
| 504 | _aIncludes bibliographical references (p. 959-994) and indexes. | ||
| 650 | 0 | _aEconometrics. | |
| 906 |
_a7 _bcbc _corignew _d1 _eocip _f20 _gy-gencatlg |
||
| 942 |
_2ddc _cBK |
||
| 999 |
_c2525 _d2525 |
||